| 000 | 00725nas a2200241 4500 | ||
|---|---|---|---|
| 001 | BR8903196 | ||
| 003 | BR-BrBNA | ||
| 005 | 20231205091622.0 | ||
| 007 | ta | ||
| 008 | 230509b bl.|||p| |||| 00| 00por d | ||
| 040 |
_aBR-BrBNA _bpor _cBiblioteca Nacional de Agricultura |
||
| 041 | _a(Pt) | ||
| 072 | _aP40; F01 | ||
| 100 | 1 | _aReis, N.Y.B. dos | |
| 245 | 1 | _aO clima e a cultura da ervilha | |
| 650 | _aERVILHA | ||
| 650 | _aPRODUCAO VEGETAL | ||
| 650 | _aCLIMA | ||
| 650 | _aCLIMATOLOGIA | ||
| 773 | 0 |
_tInforme Agropecuario - Empresa de Pesquisa Agropecuaria de Minas Gerais (Brazil) _xISSN 0100-3364 _g(Mar 1989), v. 14(158) p. 8-9 _wBR8903196 |
|
| 909 |
_a202311 _bLúcia _c55 _dLúcia Elande |
||
| 942 |
_2AGRIS _n0 _cANA |
||
| 999 |
_c126221 _d126221 |
||